000 01262naa a22003257a 4500
001 BR7807609
003 BR-BrBNA
005 20240918174257.0
007 ta
008 230509b bl.||||| |||| 00| 0 por d
040 _aBR-BrBNA
_bpor
_cBiblioteca Nacional de Agricultura
041 _a(Pt)
072 _aE30; E50; S00
_b/G514
090 _aE30 BR7807609
100 1 _aAnon.
111 1 _a1. Simposio Nacional de Alimentacao e Nutricao
_cBrasilia, DF (Brazil)
_d13-16 Aug 1978
245 1 _aComentarios sobre o plano de complementacao alimentar no grupamento materno-infantil [suprimento de alimento, assistencia social, Brasil]
260 3 _aBrasilia, DF (Brasil):
_c1978.
500 _a1. Simposio Nacional de Alimentacao e Nutricao - PRONUTRAL Brasilia, DF (Brasil): 1978. p. 440-475 (BR7807609-AM)E30
650 _aPOPULACAO RURAL
650 _aASSISTENCIA SOCIAL
650 _aDEFICIENCIA NUTRICIONAL
650 _aSUPRIMENTO DE ALIMENTO
650 _aPOLITICA GOVERNAMENTAL
650 _aPROJETO DE DESENVOLVIMENTO
650 _aDIRETRIZ
773 0 _t1. Simposio Nacional de Alimentacao e Nutricao - PRONUTRAL
_wE30 BR7807609
_gBrasilia, DF (Brasil), 1978. p. 440-475
909 _a202404
_bLucia
_c55
_dLucia Elande
942 _cAM
_2AGRIS
999 _c310057
_d310057